Drenaje y sanidad /
Guardado en:
| Autor Principal: | |
|---|---|
| Formato: | Libro |
| Idioma: | Spanish |
| Publicado: |
México :
Continental,
1964.
|
| Etiquetas: |
Agregar Etiqueta
Sin Etiquetas, Sea el primero en etiquetar este registro!
|
| LEADER | 00429nam a22001455a 4500 | ||
|---|---|---|---|
| 001 | EUN.um039955 | ||
| 003 | AR-BaUNS | ||
| 005 | 20050623122911.0 | ||
| 008 | 041125s1964####mx#a##########000#0#spa#d | ||
| 245 | 1 | 0 | |a Drenaje y sanidad / |c Edwin Holmes Blake. |
| 260 | |a México : |b Continental, |c 1964. | ||
| 300 | |a 540 p. : |b ilus. ; |c 23 cm. | ||
| 100 | 1 | |a Blake, Edwin Holmes. | |
| 082 | 0 | 4 | |a 696 |
| 859 | |a Ar-BaUNS |b BIB. CENTRAL - Sector C |h 696 |i B581 |p 50063/968 | ||
